<?xml version="1.0" encoding="UTF-8"?><?xml-stylesheet type="text/xsl" href="static/style.xsl"?><OAI-PMH xmlns="http://www.openarchives.org/OAI/2.0/" xmlns:xsi="http://www.w3.org/2001/XMLSchema-instance" xsi:schemaLocation="http://www.openarchives.org/OAI/2.0/ http://www.openarchives.org/OAI/2.0/OAI-PMH.xsd"><responseDate>2026-04-17T17:46:19Z</responseDate><request verb="GetRecord" identifier="oai:www.recercat.cat:10459.1/467415" metadataPrefix="marc">https://recercat.cat/oai/request</request><GetRecord><record><header><identifier>oai:recercat.cat:10459.1/467415</identifier><datestamp>2025-09-15T18:29:56Z</datestamp><setSpec>com_2072_3622</setSpec><setSpec>col_2072_479130</setSpec></header><metadata><record xmlns="http://www.loc.gov/MARC21/slim" xmlns:dcterms="http://purl.org/dc/terms/" xmlns:xsi="http://www.w3.org/2001/XMLSchema-instance" xmlns:doc="http://www.lyncode.com/xoai" xsi:schemaLocation="http://www.loc.gov/MARC21/slim http://www.loc.gov/standards/marcxml/schema/MARC21slim.xsd">
   <leader>00925njm 22002777a 4500</leader>
   <datafield ind2=" " ind1=" " tag="042">
      <subfield code="a">dc</subfield>
   </datafield>
   <datafield ind2=" " ind1=" " tag="720">
      <subfield code="a">García, I. A. (Isaac A.)</subfield>
      <subfield code="e">author</subfield>
   </datafield>
   <datafield ind2=" " ind1=" " tag="720">
      <subfield code="a">Giné, Jaume</subfield>
      <subfield code="e">author</subfield>
   </datafield>
   <datafield ind2=" " ind1=" " tag="720">
      <subfield code="a">Rodero, Ana Livia</subfield>
      <subfield code="e">author</subfield>
   </datafield>
   <datafield ind2=" " ind1=" " tag="260">
      <subfield code="c">2025-02-02</subfield>
   </datafield>
   <datafield ind2=" " ind1=" " tag="520">
      <subfield code="a">We are interested in bound the maximum number of small amplitude limit cycles that an analytic planar vector field can have bifurcating from any monodromic singularity as well as its stability and hyperbolic nature. We do not use the Poincaré map approach to this problem. Instead, we propose an algorithmic procedure to construct, under some assumptions, a Dulac function in a neighborhood (may be punctured) of the singularity. This approach is based on the existence of a real analytic invariant curve passing through the singularity which allows us to overcome the usual difficulty seeking for the candidates to be a Dulac function. We finally apply our results to a degenerate polynomial monodromic family.</subfield>
   </datafield>
   <datafield ind2=" " ind1=" " tag="520">
      <subfield code="a">This work is supported by the Agencia Estatal de Investigación grant number PID2020-113758GB-I00; by an AGAUR (Agència de Gestió d'Ajuts Universitaris i de Recerca) grant number 2021SGR-01618; and by the São Paulo Research Foundation (FAPESP), Brasil, Process Numbers 2021/12630-5 and 2023/05686-0.</subfield>
   </datafield>
   <datafield tag="653" ind2=" " ind1=" ">
      <subfield code="a">Dulac functions</subfield>
   </datafield>
   <datafield tag="653" ind2=" " ind1=" ">
      <subfield code="a">Lyapunov functions</subfield>
   </datafield>
   <datafield tag="653" ind2=" " ind1=" ">
      <subfield code="a">Center</subfield>
   </datafield>
   <datafield ind2="0" ind1="0" tag="245">
      <subfield code="a">Dulac functions and monodromic singularities</subfield>
   </datafield>
</record></metadata></record></GetRecord></OAI-PMH>